000 00376nam a2200133Ia 4500
008 180309s9999 xx 000 0 und d
020 _a789714051
100 _aGrimes Galen
245 _cBolton, Rick
_a10 minutes guide to the internet and world wibe web /
250 _a3rd ed
260 _aUSA :
_b1997
_cNational bookstores
300 _aiv, 185 pages
650 _aInternet
999 _c356118
_d356118